Statystyki dla Największe miasta w Polsce

Kliknij tutaj aby rozwiązać quiz!

Ogólne statystyki

  • Ten quiz został rozwiązany 175 razy
  • Średni wynik to 17 z 20

Statystyki odpowiedzi

LudnośćMiasto% Poprawnych
761 873Kraków
99%
1 735 442Warszawa
99%
634 487Wrocław
99%
461 489Gdańsk
98%
545 680Poznań
95%
407 180Szczecin
94%
301 834Katowice
92%
706 004Łódź
92%
247 820Gdynia
90%
341 722Lublin
90%
357 652Bydgoszcz
89%
295 459Białystok
87%
203 158Toruń
82%
185 123Rzeszów
81%
217 201Radom
76%
198 857Kielce
72%
230 123Częstochowa
69%
209 274Sosnowiec
66%
184 415Gliwice
64%
177 188Zabrze
59%

Rozkład punktacji

Percentyl według liczby udzielonych odpowiedzi

Procent ludzi z każdym wynikiem

Twoja historia wyników

Nie rozwiązałeś tego quizu